000 nam a22 7a 4500
999 _c259208
_d259208
003 IT-MiCISF
008 161219b xxu||||| |||| 00| 0 eng d
040 _cIT-MiCISF
041 _ait
100 _aTozzi Angela Anna
_956079
245 _aAbbracciati nel vento
_bMatrimonio e verginità a confronto
260 _aPadova
_bEdizioni Messaggero
_c2005
300 _app. 208
500 _amatrimonio-sacramento, verginità, teologia, bibbia, patristica, spiritualità-coniugale, religioni-non-cristiane
520 _aIn questo volume l'A. si propone di approfondire il rapporto matrimonio-verginità osservando la reciprocità dei due stati di vita come espressione e ricchezza della sponsalità della chiesa. L'analisi parte da una visione storico-biblica dell'uomo e della donna, passando per il rapporto uomo e donna nella Genesi, nel Cantico dei Cantici, nel Nuovo Testamento, nei testi dei Padri della chiesa e in san Tommaso. In seguito matrimonio e verginità vengono definiti sul piano più spirituale e antropologico per arrivare al rapporto con Cristo e con la chiesa.
650 _amatrimonio
_956048
654 _asaggio
942 _2ddc
_cBK